[Event "4th Gligoric Cup 2017"]
[Site "Novi Banovci SRB"]
[Date "2017.05.25"]
[Round "1.2"]
[White "Lalic,B"]
[Black "Sirotanovic,O"]
[Result "1-0"]
[WhiteElo "2449"]
[BlackElo "2215"]

1.d4 Nf6 2.c4 g6 3.Nf3 Bg7 4.g3 O-O 5.Bg2 c5 6.d5 d6 7.O-O a6 8.a4 e6 9.Nc3
exd5 10.cxd5 b6 11.Nd2 Nbd7 12.Nc4 Ne8 13.Bf4 Ne5 14.Bxe5 dxe5 15.a5 b5 16.Nb6
Rb8 17.Ne4 Rxb6 18.axb6 Qxb6 19.d6 Bd7 20.Qd5 Be6 21.Qxc5 Qxc5 22.Nxc5 Nxd6
23.Nxe6 fxe6 24.Rxa6 Nc4 25.Bh3 Kh8 26.Rd1 Nxb2 27.Rd7 Re8 28.Bxe6 Na4 29.Raa7
Nc5 30.Rxg7 Nxe6 31.Rxh7+ Kg8 {#r} 1-0

[Event "TCh-FRA Top 12 2017"]
[Site "Chartres FRA"]
[Date "2017.05.28"]
[Round "11.6"]
[White "Godard,M"]
[Black "Maze,S"]
[Result "0-1"]
[WhiteElo "2329"]
[BlackElo "2619"]

1.d4 Nf6 2.Nf3 g6 3.c4 Bg7 4.Nc3 O-O 5.e4 d6 6.h3 e5 7.d5 a5 8.Bg5 Na6 9.Be2
Nc5 10.Nd2 Bd7 11.O-O h6 12.Be3 Nh7 13.Re1 Qh4 14.Bf1 Rfe8 15.g3 Qd8 16.Nb3 b6
17.Nxc5 bxc5 18.Qd2 h5 19.h4 Kh8 20.Kh2 f5 21.Bh6 f4 22.Bxg7+ Kxg7 23.Bh3 Bxh3
24.Kxh3 Rf8 25.Rg1 Rf7 26.Raf1 Qd7+ 27.Kg2 Qg4 28.Qe1 f3+ 29.Kh2 Ng5 30.hxg5
h4 31.Rh1 hxg3+ 32.Kg1 g2 {#R} 0-1

[Event "TCh-FRA Top 12 2017"]
[Site "Chartres FRA"]
[Date "2017.05.28"]
[Round "11.3"]
[White "Tregubov,P"]
[Black "Milov,V"]
[Result "1-0"]
[WhiteElo "2584"]
[BlackElo "2604"]

1.d4 Nf6 2.c4 g6 3.g3 Bg7 4.Bg2 O-O 5.Nc3 d6 6.Nf3 Nc6 7.O-O Rb8 8.Bf4 Bd7
9.Rc1 h6 10.d5 Na5 11.b3 c5 12.e4 a6 13.e5 Ne8 14.Re1 Bg4 15.h3 Bxf3 16.Qxf3
b5 17.cxb5 axb5 18.h4 b4 19.Na4 Nc7 20.Qe3 h5 21.Qd3 Nb7 22.exd6 exd6 23.Nb6
Ne8 24.Nc4 Ra8 25.Re2 Na5 26.Rxe8 Rxe8 27.Nxd6 Re7 28.Ne4 Nc6 29.Bg5 Ne5
30.Qd1 Qf8 31.Bxe7 Qxe7 32.d6 Qa7 33.Rxc5 Rd8 34.Qc2 Qd7 35.Rd5 Qf5 36.f4 Rc8
37.Qd1 {#r} 1-0

[Event "36th Zalakaros Open 2017"]
[Site "Zalakaros HUN"]
[Date "2017.05.25"]
[Round "8.27"]
[White "Gazik,Viktor"]
[Black "Del Rey,D"]
[Result "1-0"]
[WhiteElo "2449"]
[BlackElo "2352"]

1.d4 d6 2.Nf3 Nf6 3.g3 g6 4.Bg2 Bg7 5.O-O O-O 6.c4 c6 7.Nc3 Bf5 8.Re1 d5 9.Qb3
Qb6 10.Bg5 Qxb3 11.axb3 Be6 12.Ne5 h6 13.cxd5 Nxd5 14.Bxd5 cxd5 15.Bxe7 Re8
16.Ba3 Bxe5 17.dxe5 Nc6 18.Nb5 Red8 19.Bd6 a6 20.Nc7 Rac8 21.b4 d4 22.Rec1 g5
23.Rc5 Rd7 24.b5 axb5 25.Nxb5 Rcd8 26.Nc7 Bh3 27.Nd5 Rxd6 28.exd6 Rxd6 29.f3
d3 30.exd3 Nd4 31.Kf2 Kg7 32.Nc7 Bd7 33.Rd5 Bh3 34.Rc5 Rb6 35.Ra2 {#r} 1-0

[Event "14th Orlova Open 2017"]
[Site "Orlova CZE"]
[Date "2017.05.24"]
[Round "5.3"]
[White "Molenda,Marcin"]
[Black "Gratze,M"]
[Result "1-0"]
[WhiteElo "2416"]
[BlackElo "2045"]

1.d4 Nf6 2.Nf3 g6 3.c4 Bg7 4.g3 O-O 5.Bg2 d6 6.O-O Nc6 7.Nc3 Bg4 8.h3 Bxf3
9.exf3 Nd7 10.Be3 e5 11.dxe5 Ndxe5 12.Qa4 Nd3 13.Qc2 Nde5 14.Nd5 Na5 15.b3 c6
16.Nf4 Qf6 17.Rad1 b6 18.Qe2 Rfe8 19.Nd3 Rad8 20.f4 Nd7 21.Nb4 Rc8 22.Qd2 Qc3
23.Qxd6 Rxe3 24.fxe3 Qxe3+ 25.Kh2 Nf6 26.Rfe1 Qf2 27.Qd2 Qxd2 28.Rxd2 h5
29.Red1 Rc7 30.Rd8+ Kh7 31.Re1 Bh6 32.Na6 Rb7 33.b4 h4 34.bxa5 bxa5 35.Nc5 Rb2
36.Nd3 Rd2 37.Re7 Kg7 38.g4 Ng8 39.Ree8 Nf6 40.Re7 Ng8 41.Rxa7 Nf6 42.g5 Bxg5
43.fxg5 Ne4 44.Nf4 Rf2 45.Ne6+ Kh7 46.Raa8 {#r} 1-0

[Event "26th Chicago Open 2017"]
[Site "Chicago USA"]
[Date "2017.05.26"]
[Round "3.2"]
[White "Avrukh,B"]
[Black "Liang,Awonder"]
[Result "1-0"]
[WhiteElo "2592"]
[BlackElo "2488"]
[EventType "swiss"]

1.d4 Nf6 2.c4 g6 3.g3 Bg7 4.Bg2 O-O 5.Nc3 d6 6.Nf3 Nc6 7.O-O e5 8.dxe5 Nxe5
9.b3 Nxf3+ 10.Bxf3 Ne4 11.Nxe4 Bxa1 12.Bg5 f6 13.Bh6 Be5 14.Bxf8 Qxf8 15.Bg2
f5 16.Ng5 Qe7 17.Qd2 Bf6 18.h4 a5 19.e4 h6 20.Nh3 fxe4 21.Nf4 Bf5 22.Nd5 Qg7
23.Nxf6+ Qxf6 24.Qd5+ Qf7 25.Qxb7 Re8 26.Re1 Kh7 27.Re3 Rf8 28.Qa7 a4 29.Bxe4
axb3 30.axb3 Bg4 31.Re1 Re8 32.Qa5 Re5 33.Bd5 Rxe1+ 34.Qxe1 Qd7 35.Qe3 Bf5
36.b4 h5 37.b5 Kg7 38.Qd4+ Kh7 39.Qf6 Qe8 40.Kh2 Qd7 41.Kg2 Qe8 42.Kf3 Kh6
43.Kf4 Bb1 44.f3 Bc2 45.g4 hxg4 46.fxg4 Bd3 47.h5 Bb1 48.Be6 Bd3 49.g5+ Kxh5
50.Qg7 {#r} 1-0

[Event "26th Chicago Open 2017"]
[Site "Chicago USA"]
[Date "2017.05.27"]
[Round "5.23"]
[White "Williams,Justus D"]
[Black "Moon,Benjamin"]
[Result "0-1"]
[WhiteElo "2383"]
[BlackElo "2299"]
[EventType "swiss"]

1.Nf3 g6 2.g3 Bg7 3.Bg2 d6 4.c4 Nf6 5.Nc3 O-O 6.O-O Nc6 7.d4 Bf5 8.Re1 Ne4
9.Nd5 Bd7 10.Ne3 f5 11.d5 Nb4 12.Nd2 Nf6 13.Nc2 Na6 14.e4 Nc5 15.exf5 Bxf5
16.Nd4 Qd7 17.Nxf5 Qxf5 18.Rxe7 Ng4 19.Nf3 Ne5 20.Bf4 Nxf3+ 21.Bxf3 Qf6
22.Rxg7+ Qxg7 23.Qe2 Rae8 24.Be3 Nd3 25.Rb1 h5 26.h3 Kh7 27.b3 h4 28.gxh4 Qc3
29.Rd1 Nf4 30.Qf1 Rxe3 31.fxe3 Qxe3+ 32.Kh2 Nh5 33.Kg2 Nf4+ 34.Kh2 Ne6 35.Qe2
Qf4+ 36.Kh1 Nd4 37.Rxd4 Qxd4 38.Be4 Kg7 39.Qg2 Qa1+ 40.Kh2 Qe5+ 41.Kh1 Rf6
42.Qg4 Qa1+ 43.Kh2 Qe5+ 44.Kh1 Qf4 45.Kg2 Qxg4+ 46.hxg4 Rf4 47.Bf3 Rd4 48.Kg3
Kf6 49.g5+ Kg7 50.h5 gxh5 51.Bxh5 b5 52.cxb5 Rxd5 53.Be8 Rxg5+ 54.Kf4 Re5
55.Bc6 Kf6 56.a4 d5 57.Bd7 d4 {#R} 0-1

[Event "36th Zalakaros Open 2017"]
[Site "Zalakaros HUN"]
[Date "2017.05.23"]
[Round "6.54"]
[White "Havanecz,B"]
[Black "Chovan,Milan"]
[Result "1-0"]
[WhiteElo "2210"]
[BlackElo "2288"]

1.d4 Nf6 2.c4 g6 3.Nf3 Bg7 4.g3 O-O 5.Bg2 d6 6.O-O Nc6 7.Nc3 a6 8.Bf4 Rb8
9.Rc1 b5 10.Nd5 bxc4 11.Nxf6+ exf6 12.Rxc4 Ne7 13.b3 Nd5 14.Bd2 f5 15.Qc1 Re8
16.Re1 Bb7 17.Ba5 Re7 18.e3 Nb6 19.Rc3 Be4 20.Nd2 Bxg2 21.Kxg2 f4 22.gxf4 Nd5
23.Rc4 Rb5 24.b4 Qd7 25.h3 Bh6 26.Nf3 Re4 27.Ng1 Qe6 28.Kf1 Nxf4 29.Rxc7 Nd3
30.Rc8+ Bf8 31.Qc7 Nxe1 32.Qd8 Qe7 33.Qxe7 Rxe7 34.Kxe1 Rbb7 35.Ne2 Red7
36.Nf4 Kg7 37.Nd5 Rb5 38.Nc7 Rh5 39.Ne8+ Kh6 40.Nf6 Rxa5 41.Nxd7 Rxa2 42.Rxf8
Kg7 43.Ra8 Ra4 44.Ke2 Rxb4 45.Rxa6 Rb5 46.Rxd6 Rh5 47.Ne5 f6 48.Rd7+ Kf8
49.Ng4 Rxh3 50.Nxf6 h5 51.e4 {#r} 1-0

[Event "10th KIIT Elite Open 2017"]
[Site "Bhubaneswar IND"]
[Date "2017.05.28"]
[Round "4.6"]
[White "Ghosh,D"]
[Black "Nayak,Rajesh"]
[Result "1-0"]
[WhiteElo "2569"]
[BlackElo "2067"]

1.d4 Nf6 2.c4 g6 3.g3 Bg7 4.Bg2 O-O 5.Nc3 d6 6.Nf3 Nc6 7.O-O a6 8.b3 Rb8 9.d5
Na5 10.Bd2 c5 11.dxc6 Nxc6 12.Rc1 Bf5 13.Nd5 Ne4 14.Be3 Qd7 15.Nh4 e6 16.Nxf5
exf5 17.Qc2 Nf6 18.Nxf6+ Bxf6 19.Rfd1 Qe7 20.c5 Rfd8 21.Bxc6 bxc6 22.cxd6 Rxd6
23.Rxd6 Qxd6 24.Qxc6 Qd8 25.Qxa6 Bb2 26.Rb1 Ra8 27.Qd3 Qxd3 28.exd3 Rxa2 29.b4
f4 30.gxf4 {#r} 1-0

[Event "26th Chicago Open 2017"]
[Site "Chicago USA"]
[Date "2017.05.26"]
[Round "3.19"]
[White "Zhang,Chao"]
[Black "Nakar,Ey"]
[Result "0-1"]
[WhiteElo "2229"]
[BlackElo "2476"]
[EventType "swiss"]

1.d4 Nf6 2.Nf3 g6 3.g3 Bg7 4.Bg2 O-O 5.c4 d6 6.O-O Nc6 7.Nc3 a6 8.Qd3 Bd7 9.d5
Nb4 10.Qd2 a5 11.Nd4 Qc8 12.e3 Bh3 13.b3 Bxg2 14.Kxg2 c6 15.dxc6 bxc6 16.Bb2
Qb7 17.Kg1 d5 18.cxd5 cxd5 19.Rfd1 Rad8 20.Qe2 e5 21.Nf3 Rfe8 22.a3 Na6 23.Nb5
d4 24.Nbxd4 exd4 25.Bxd4 Nc7 26.Rab1 Ne6 27.Ba1 Rxd1+ 28.Qxd1 Rd8 29.Qe2 Ne4
30.Bxg7 Kxg7 31.b4 N4g5 32.Kg2 Rd2 33.Qxd2 Qxf3+ 34.Kg1 Nh3+ 35.Kf1 Qh1+
36.Ke2 Qxb1 37.Qc3+ Kh6 38.bxa5 Qa2+ 39.Ke1 Qxf2+ 40.Kd1 Nhg5 41.Qd3 Nc5
42.Qd4 Nf3 43.Qc3 Qf1+ 44.Kc2 Qe2+ 45.Kb1 Nd2+ {#R} 0-1

[Event "10th KIIT Elite Open 2017"]
[Site "Bhubaneswar IND"]
[Date "2017.05.27"]
[Round "3.26"]
[White "Navalgund,N"]
[Black "Dixit,Nikhil"]
[Result "1-0"]
[WhiteElo "2351"]
[BlackElo "2101"]

1.d4 g6 2.c4 Bg7 3.Nf3 Nf6 4.g3 O-O 5.Nc3 d6 6.Bg2 Nbd7 7.O-O e5 8.h3 a6
9.dxe5 dxe5 10.Be3 Qe7 11.Qb3 Re8 12.Rfd1 Nf8 13.Bg5 c6 14.Ne4 Ne6 15.Nd6 Rd8
16.Nxc8 Raxc8 17.Be3 e4 18.Ng5 Nf8 19.Qc2 Re8 20.Bf4 Nh5 21.Nxe4 Nxf4 22.gxf4
Red8 23.c5 Ne6 24.e3 f5 25.Nd6 Rb8 26.Rac1 b6 27.Bxc6 Nxc5 28.Bd5+ Kf8 29.Nc4
Bf6 30.b3 Kg7 31.Bf3 Nd7 32.Qe2 h6 33.Rd2 Nf8 34.Rcd1 Rxd2 35.Rxd2 b5 36.Na5
Rd8 37.Rc2 Rd7 38.Nc6 Qd6 39.a4 bxa4 40.bxa4 g5 41.Qxa6 gxf4 42.Qb5 Kh8 43.Qc5
fxe3 44.Qxd6 exf2+ 45.Kxf2 Rxd6 46.a5 Nd7 47.a6 Nb6 48.a7 Rd3 49.Ra2 Kg7
50.a8=Q Nxa8 51.Rxa8 f4 52.Ra7+ Kf8 53.Ra2 Bh4+ 54.Kg2 Be1 55.Ra8+ Kg7 56.Ne5
Rd2+ 57.Kg1 Bg3 58.Ra7+ Kf6 59.Ng4+ Kg5 60.Ra5+ Kh4 {#r} 1-0

[Event "Bodensee Open 2017"]
[Site "Bregenz AUT"]
[Date "2017.05.24"]
[Round "5.4"]
[White "Sarmir,M"]
[Black "Hoellrigl,W"]
[Result "0-1"]
[WhiteElo "2096"]
[BlackElo "2169"]

1.Nf3 Nf6 2.g3 g6 3.Bg2 Bg7 4.d4 d6 5.O-O O-O 6.c4 Nbd7 7.Nc3 e5 8.dxe5 dxe5
9.e4 c6 10.Qe2 Qc7 11.b3 Re8 12.Ba3 Bf8 13.Bxf8 Nxf8 14.Rad1 Bg4 15.Rd3 Ne6
16.Qe3 Bxf3 17.Bxf3 Nd4 18.Bg2 Nd7 19.Kh1 Nc5 20.Rd2 a5 21.f4 f6 22.fxe5 fxe5
23.Ne2 Nxe2 24.Rxe2 Ne6 25.Bh3 Nd4 26.Ref2 Rf8 27.Qh6 Qg7 28.Rxf8+ Rxf8
29.Rxf8+ Qxf8 30.Qxf8+ Kxf8 31.c5 Ke7 32.Bc8 Kd8 33.Bxb7 Kc7 34.Ba6 Ne6 35.Bd3
Nxc5 36.Bc2 Kb6 37.Kg2 Ne6 38.h4 Kc5 39.Bd3 Nf8 40.Bc4 Kd4 41.Kf3 Nd7 42.Bg8
Nf6 43.Be6 Nxe4 44.g4 h6 45.Bd7 g5 46.Bxc6 Nc3 47.hxg5 hxg5 48.a3 Kd3 49.Kf2
Kd2 50.Kf3 Kd3 51.Kf2 e4 52.Ke1 e3 53.Bd7 Nd5 54.Bf5+ Kd4 55.Bd7 Nf4 56.Kd1
Kc3 57.b4 axb4 58.axb4 e2+ 59.Ke1 Kd3 {#R} 0-1

[Event "26th Chicago Open 2017"]
[Site "Chicago USA"]
[Date "2017.05.28"]
[Round "6.28"]
[White "Colas,Joshua"]
[Black "Shen,Christopher Y"]
[Result "0-1"]
[WhiteElo "2352"]
[BlackElo "2206"]
[EventType "swiss"]

1.Nf3 Nf6 2.g3 g6 3.Bg2 Bg7 4.O-O O-O 5.d4 d6 6.c4 Nbd7 7.Nc3 e5 8.e4 c6 9.h3
Re8 10.Re1 exd4 11.Nxd4 Qb6 12.Nc2 Nc5 13.Rb1 Ng4 14.hxg4 Bxc3 15.Rf1 Be5
16.b3 a5 17.Be3 Qc7 18.f4 Bg7 19.e5 Bf8 20.Bxc5 dxc5 21.a4 Bg7 22.Qf3 Bd7
23.Ne3 Rad8 24.g5 Bc8 25.Rf2 Rd4 26.Bf1 Red8 27.Rbb2 h6 28.gxh6 Bxh6 29.Rh2
Bg7 30.Rbf2 Re8 31.Nc2 Rdd8 32.g4 g5 33.fxg5 Rxe5 34.g6 f5 35.Qh3 Qe7 36.gxf5
Qf6 37.Rhg2 Rde8 38.Rg3 Rxf5 39.Qh7+ Kf8 40.Rgg2 Ree5 41.Bd3 Rxf2 42.Rxf2 Rg5+
43.Kf1 Bf5 44.Be4 Qe5 45.Qh4 Bf6 46.Qxg5 Bh3+ {#R} 0-1

[Event "TCh-FRA Top 12 2017"]
[Site "Chartres FRA"]
[Date "2017.05.25"]
[Round "8.4"]
[White "Ouakhir,M"]
[Black "Nataf,IA"]
[Result "1-0"]
[WhiteElo "2277"]
[BlackElo "2535"]

1.d4 g6 2.c4 Bg7 3.Nc3 Nf6 4.e4 d6 5.Nge2 O-O 6.f3 c5 7.d5 e6 8.Ng3 exd5
9.cxd5 h5 10.Be2 Nh7 11.Be3 h4 12.Nf1 Nd7 13.Qd2 a6 14.a4 f5 15.exf5 gxf5
16.g3 Re8 17.gxh4 Qxh4+ 18.Bf2 Qb4 19.Rg1 Ne5 20.O-O-O f4 21.Qc2 Rf8 22.Ne4
Bd7 23.Be1 Qxa4 24.Nxd6 Qxc2+ 25.Kxc2 Rf6 26.Bc3 Rg6 27.Nd2 Nf8 28.N2c4 Nxc4
29.Bxc4 Bxc3 30.Kxc3 b5 31.Bd3 Rg7 32.Rxg7+ Kxg7 33.Rg1+ Kf6 34.Ne4+ Kf7
35.Nxc5 Bh3 36.Kd4 Re8 37.Ne4 Ke7 38.Rg7+ Kd8 39.Nc5 Re3 40.Rf7 {#r} 1-0

[Event "Groninger Combinatie Open"]
[Site "Groningen NED"]
[Date "2017.05.27"]
[Round "4.1"]
[White "Maatman,Nick"]
[Black "De Boer,Eelke"]
[Result "1-0"]
[WhiteElo "2385"]
[BlackElo "2100"]

1.d4 Nf6 2.c4 g6 3.Nc3 Bg7 4.e4 d6 5.Nge2 O-O 6.Ng3 c5 7.d5 e6 8.Be2 exd5
9.exd5 Re8 10.O-O Na6 11.Bg5 h6 12.Be3 Nc7 13.Qd2 Kh7 14.h3 a6 15.a4 Rb8 16.a5
b5 17.axb6 Rxb6 18.Kh1 Bd7 19.Bd3 Qc8 20.Kh2 Qb7 21.Ra2 Rb8 22.Rb1 Ng8 23.Bf4
Ne8 24.Bc2 Qc8 25.b3 Qd8 26.Re1 Qh4 27.Nce2 Nc7 28.Ng1 f5 29.Nf3 Qf6 30.Qa5
Kh8 31.Bc1 Qd8 32.Bb2 Bxb2 33.Rxb2 Rb4 34.Ra2 R8b7 35.Qa3 Qf6 36.Qc1 Ra7
37.Ra5 Ra8 38.Qd2 Kg7 39.Ne2 Re8 40.Raa1 Rbb8 41.Qa5 Rb7 42.Nf4 Rxe1 43.Rxe1
Ne7 44.Qd2 Rb8 45.Re2 Ng8 46.Qa5 Rb7 47.Qe1 Rb8 48.Qa5 Rb7 49.Qd2 Rb8 50.h4
Ne7 51.Qe1 Ng8 52.Kg1 Rb4 53.Qd2 Rb8 54.Kh2 Rb6 55.g3 Rb8 56.Ng1 Rb4 57.Ngh3
Rb6 58.Qa5 Rb7 59.Qd2 Rb6 60.Re3 Ne7 61.Qe1 Ng8 62.Ne6+ Bxe6 63.dxe6 Ne7
64.Nf4 Rb4 65.Qd2 Rb6 66.Bd1 Kf8 67.Qa5 Nc8 68.e7+ Ke8 69.b4 Qb2 70.Qa4+ Nb5
71.Nd3 Qa3 72.cxb5 Qxa4 73.Bxa4 axb5 74.Bc2 Nxe7 75.Nf4 Rb7 76.Nxg6 Kf7
77.Nxe7 Rxe7 78.Rxe7+ Kxe7 79.Bxf5 Kf6 80.g4 c4 81.Kg3 Ke5 82.f4+ Kf6 83.Be4
c3 84.Kf3 d5 85.Bd3 {#r} 1-0

[Event "TCh-FRA Top 12 2017"]
[Site "Chartres FRA"]
[Date "2017.05.28"]
[Round "11.5"]
[White "Li Chao2"]
[Black "Nataf,IA"]
[Result "1-0"]
[WhiteElo "2722"]
[BlackElo "2535"]

1.d4 Nf6 2.c4 g6 3.Nc3 Bg7 4.e4 d6 5.h3 O-O 6.Nf3 e5 7.d5 a5 8.g4 Na6 9.Be3
Nc5 10.Nd2 c6 11.Be2 a4 12.g5 Ne8 13.h4 cxd5 14.cxd5 Bd7 15.Kf1 f6 16.Rc1 Rc8
17.Kg2 fxg5 18.hxg5 Rf4 19.Bxf4 exf4 20.Nf3 Bg4 21.Kf1 Qe7 22.Nxa4 Qxe4 23.Rc4
Qf5 24.Nxc5 dxc5 25.d6 Rd8 26.Qc1 Nxd6 27.Rxf4 Qc8 28.Kg2 Be6 29.Rfh4 Bd5
30.Qf4 Qe6 31.Rxh7 Rf8 32.Qh2 Ne8 33.Rh8+ Kf7 34.Qf4+ Ke7 35.Rxf8 Bxf8 36.Bc4
Bxc4 37.Re1 Be2 38.Ng1 {#r} 1-0

[Event "14th Orlova Open 2017"]
[Site "Orlova CZE"]
[Date "2017.05.28"]
[Round "9.6"]
[White "Lys,J"]
[Black "Sikora,Matous"]
[Result "0-1"]
[WhiteElo "2192"]
[BlackElo "2008"]

1.d4 Nf6 2.c4 g6 3.Nc3 Bg7 4.e4 d6 5.h3 O-O 6.Nf3 e5 7.Bd3 Nc6 8.Be3 Nd7 9.d5
Ne7 10.g4 Nc5 11.Bxc5 dxc5 12.Qe2 Bd7 13.O-O-O Nc8 14.Rdg1 Nd6 15.h4 h6 16.Ne1
Qe7 17.Nc2 a6 18.Qe3 b6 19.Ne2 Nb7 20.f3 Na5 21.Qd2 Nb7 22.Ne3 Nd6 23.Ng3 Rfb8
24.Nef5 gxf5 25.exf5 e4 26.fxe4 b5 27.g5 Bxb2+ 28.Qxb2 bxc4 29.Qa1 cxd3
30.gxh6 d2+ 31.Kxd2 Nc4+ 32.Kc3 Qe5+ 33.Kxc4 Rb4+ 34.Kd3 Bb5+ 35.Ke3 Rb2
36.Ne2+ Kh8 37.Rh2 Re8 38.Ng3 Rxh2 39.Qxe5+ Rxe5 40.Kf4 f6 41.Nh5 Rxh4+ {#R}
0-1

[Event "Bodensee Open 2017"]
[Site "Bregenz AUT"]
[Date "2017.05.23"]
[Round "4.17"]
[White "Osterwald,E"]
[Black "Raddatz,M"]
[Result "1-0"]
[WhiteElo "2184"]
[BlackElo "2006"]

1.c4 Nf6 2.Nc3 g6 3.e4 d6 4.d4 Bg7 5.h3 c5 6.d5 Nbd7 7.Nf3 Qa5 8.Bd2 a6 9.Bd3
Qc7 10.O-O O-O 11.a4 Ne8 12.Qe2 Ne5 13.Nxe5 dxe5 14.a5 Bd7 15.Bc2 Nd6 16.Be3
f5 17.f3 Rac8 18.Rfb1 Kh8 19.Bd3 f4 20.Bf2 g5 21.b4 h5 22.bxc5 Nf7 23.Qb2 g4
24.hxg4 hxg4 25.fxg4 Bxg4 26.Qxb7 Qd8 27.Qb6 Qe8 28.Qg6 Rg8 29.Qxg4 Nh6 30.Qh3
Qg6 31.Rb6 Bf6 32.Be2 Kg7 33.Bh4 Rh8 34.Bh5 Qh7 35.Bxf6+ {#r} 1-0

[Event "4th Gligoric Cup 2017"]
[Site "Novi Banovci SRB"]
[Date "2017.05.25"]
[Round "1.1"]
[White "Lajthajm,B"]
[Black "Mehandzic,G"]
[Result "1-0"]
[WhiteElo "2428"]
[BlackElo "2078"]

1.d4 Nf6 2.c4 g6 3.Nc3 Bg7 4.e4 d6 5.h3 Nc6 6.Be3 e5 7.d5 Ne7 8.Nge2 c5 9.g4
h6 10.Ng3 Qb6 11.a4 a5 12.Be2 Bd7 13.Ra3 Qc7 14.h4 Qc8 15.f3 Qc7 16.Rb3 b6
17.Bf1 O-O-O 18.Qd2 Ne8 19.g5 hxg5 20.hxg5 Rxh1 21.Nxh1 f5 22.Qh2 Kb7 23.Nf2
Qc8 24.Qh7 Ka6 25.Nb5 Bxb5 26.axb5+ Kb7 27.Bh3 Qc7 28.exf5 gxf5 29.Bxf5 e4
30.Bxe4 a4 31.Ra3 Bxb2 32.Rxa4 Ng7 33.Nd1 Qc8 {#r} 1-0

[Event "TCh-FRA Top 12 2017"]
[Site "Chartres FRA"]
[Date "2017.05.24"]
[Round "7.4"]
[White "Flear,G"]
[Black "Naiditsch,A"]
[Result "0-1"]
[WhiteElo "2439"]
[BlackElo "2700"]

1.d4 Nf6 2.c4 g6 3.Nc3 Bg7 4.e4 d6 5.Be2 O-O 6.Bg5 Na6 7.f4 c6 8.Qd2 Nc7 9.Bf3
h6 10.Bh4 Nh7 11.Nge2 g5 12.fxg5 e5 13.Bf2 hxg5 14.h3 Ne6 15.O-O-O Qb6 16.Rhf1
Qa6 17.d5 Nf4 18.Nxf4 exf4 19.dxc6 bxc6 20.Be2 Qa5 21.Bd4 Bh6 22.Bg4 c5 23.Bf2
Bg7 24.Bxc8 Rfxc8 25.Kb1 Rab8 26.Nb5 Qb6 27.b3 Rd8 28.Be1 Nf6 29.Qc2 d5
30.exd5 Nxd5 31.Rxd5 Rxd5 32.cxd5 Qxb5 33.Rf3 c4 34.Qf5 Qe8 35.Bc3 cxb3
36.axb3 Rxb3+ 37.Kc2 Qa4 38.Qc8+ Bf8 39.Kd3 Qa2 40.Qc4 Qb1+ 41.Kd2 Ra3 {#R}
0-1

[Event "10th KIIT Elite Open 2017"]
[Site "Bhubaneswar IND"]
[Date "2017.05.29"]
[Round "5.11"]
[White "Neelash,Saha"]
[Black "Tukhaev,A"]
[Result "0-1"]
[WhiteElo "2191"]
[BlackElo "2557"]

1.d4 Nf6 2.c4 g6 3.Nc3 Bg7 4.e4 d6 5.Be2 O-O 6.Be3 Na6 7.Nf3 e5 8.O-O c6
9.dxe5 dxe5 10.Qb3 Qe7 11.h3 Nh5 12.Rfd1 Nf4 13.Bf1 Qf6 14.Nh2 Ne6 15.Nf3 Qe7
16.Na4 f5 17.c5 Kh8 18.Qc4 Nac7 19.b4 Nb5 20.Rac1 fxe4 21.Qxe4 Nf4 22.Nd4 Nxd4
23.Bxd4 Qh4 24.Kh2 exd4 25.g3 Qh6 {#R} 0-1

[Event "Bodensee Open 2017"]
[Site "Bregenz AUT"]
[Date "2017.05.24"]
[Round "5.6"]
[White "Hovenga,A"]
[Black "Henrichs,T"]
[Result "0-1"]
[WhiteElo "2169"]
[BlackElo "2482"]

1.d4 Nf6 2.c4 g6 3.Nc3 Bg7 4.e4 d6 5.Be2 O-O 6.Be3 e5 7.d5 Na6 8.g4 Nc5 9.Bf3
Ne8 10.b4 Nd7 11.Nge2 a5 12.a3 Nb6 13.Qb3 axb4 14.Qxb4 Nd7 15.Ng3 Qh4 16.Nce2
Bh6 17.Bxh6 Qxh6 18.h4 Nc5 19.Qc3 Qg7 20.Nc1 Nf6 21.g5 Nfd7 22.Bg4 Nb6 23.Bxc8
Rfxc8 24.Nd3 Nba4 25.Qc2 Nxd3+ 26.Qxd3 Nc5 27.Qf3 Ra4 28.Rc1 Rf8 29.Rc3 f6
30.Qg4 fxg5 31.hxg5 Raa8 32.Qe2 Rf4 33.f3 Raf8 34.Nf1 Qe7 35.Qg2 Qf7 36.Re3
Rxf3 {#R} 0-1

[Event "Deltalift Open 2017"]
[Site "Tylosand SWE"]
[Date "2017.05.25"]
[Round "4.7"]
[White "Ernst,T"]
[Black "Bit-Narva,David"]
[Result "1-0"]
[WhiteElo "2382"]
[BlackElo "2124"]

1.e4 g6 2.d4 Bg7 3.c4 d6 4.Nc3 Nf6 5.Be2 O-O 6.Bg5 Nbd7 7.Qd2 e5 8.d5 Nc5 9.f3
a5 10.O-O-O Qe8 11.g4 Nfd7 12.h4 f5 13.gxf5 gxf5 14.Nb5 Na6 15.Qxa5 b6 16.Qd2
Ndc5 17.exf5 Bxf5 18.Nh3 e4 19.Bh6 Nb4 20.Qg5 Nxa2+ 21.Kd2 Bg6 22.Bxg7 exf3
23.Bd3 Nxd3 24.Rhe1 Nxe1 25.Rxe1 Qf7 26.Bxf8 Rxf8 27.Re7 Qf5 28.Qxf5 Bxf5
29.Nf2 Nb4 30.Nd4 Nd3 31.Ke3 Nxb2 32.Rxc7 Rc8 33.Rxc8+ Bxc8 34.Nb5 Nxc4+
35.Kd4 Nd2 36.Nxd6 Bd7 37.Ke3 Nb1 38.Nfe4 Kf8 39.Kxf3 Ke7 40.Nc4 b5 41.Nb6 Be8
42.Ke3 b4 43.Kd4 Na3 44.Nd2 Nc2+ 45.Ke5 Na1 46.d6+ Kd8 47.Kd4 Nc2+ 48.Kc5 Ne3
49.Nb3 Nf5 50.Na5 Bd7 51.Kd5 Nxh4 52.Nb7+ Ke8 53.Nxd7 Kxd7 54.Nc5+ Kd8 55.Kc6
Nf5 56.Nb7+ {#r} 1-0

[Event "Groninger Combinatie Open"]
[Site "Groningen NED"]
[Date "2017.05.27"]
[Round "5.7"]
[White "Mesman,Edwyn"]
[Black "Elgersma,Simon"]
[Result "0-1"]
[WhiteElo "2060"]
[BlackElo "2201"]

1.d4 Nf6 2.c4 g6 3.Nc3 Bg7 4.e4 d6 5.Be2 O-O 6.Be3 Na6 7.g4 c5 8.g5 Ng4 9.d5
Nxe3 10.fxe3 Nc7 11.Qc2 a6 12.a3 b5 13.b4 a5 14.Rb1 axb4 15.axb4 cxb4 16.Nxb5
Nxb5 17.cxb5 Ra3 18.Nf3 Qb6 19.Nd2 Rc3 20.Nc4 Qc5 21.Qa2 b3 22.Qa4 Bd7 23.Rxb3
Rc1+ 24.Kd2 Rxh1 25.b6 Bc3+ 26.Kd3 Bxa4 27.b7 Bxb3 28.b8=Q Qxc4# 0-1

[Event "36th Zalakaros Open 2017"]
[Site "Zalakaros HUN"]
[Date "2017.05.24"]
[Round "7.44"]
[White "Csiki,Endre"]
[Black "Cebalo,M"]
[Result "0-1"]
[WhiteElo "2200"]
[BlackElo "2320"]

1.d4 Nf6 2.c4 g6 3.f3 c5 4.d5 d6 5.Nc3 Bg7 6.e4 O-O 7.Bg5 h6 8.Be3 a6 9.Qd2
Kh7 10.Nge2 e6 11.a4 exd5 12.cxd5 Nbd7 13.Nc1 Rb8 14.Be2 Qa5 15.Ra3 Re8 16.O-O
Qc7 17.a5 b6 18.axb6 Rxb6 19.Kh1 Qb8 20.Ra2 Ne5 21.h3 Rb4 22.Bg1 Nc4 23.Bxc4
Rxc4 24.Re1 Nd7 25.N1e2 Rb4 26.Qc2 Ne5 27.Nc1 c4 28.Re2 f5 29.Ra4 f4 30.Rxb4
Qxb4 31.N3a2 Qa5 32.b3 cxb3 33.Nxb3 Qa3 34.Nd4 Bd7 35.Qc1 Qxc1 36.Nxc1 a5
37.Rc2 g5 38.Rc7 Rc8 39.Rxc8 Bxc8 40.Nb5 Nc4 41.Na2 Bd7 42.Nbc3 Kg6 43.Ba7 Kf7
44.Kg1 Ke7 45.Kf2 Kd8 46.Ke2 Kc7 47.Bg1 Kb7 48.Kd3 Ne5+ 49.Ke2 Bf6 50.Ke1 Bd8
51.Ne2 Bb6 52.Bd4 Ka6 53.Kd2 Bb5 54.Ba1 Be3+ 55.Kd1 Ba4+ 56.Ke1 Bb3 57.Nac1
Bc4 58.Nd4 Bxc1 59.Nf5 Nf7 60.Bg7 h5 61.Kd1 Ba3 62.Nh6 Nxh6 63.Bxh6 Bb2
64.Bxg5 Be5 {#R} 0-1

[Event "26th Chicago Open 2017"]
[Site "Chicago USA"]
[Date "2017.05.28"]
[Round "6.12"]
[White "Perez,Rob"]
[Black "Patel,Advait"]
[Result "0-1"]
[WhiteElo "2365"]
[BlackElo "2385"]
[EventType "swiss"]

1.d4 Nf6 2.c4 g6 3.f3 Bg7 4.e4 d6 5.Nc3 O-O 6.Be3 a6 7.Nge2 Nc6 8.Qd2 Na5
9.Nc1 Nd7 10.b4 Nc6 11.Rb1 e5 12.d5 Nd4 13.N1e2 a5 14.a3 f5 15.Nxd4 exd4
16.Bxd4 Bxd4 17.Qxd4 axb4 18.axb4 Ne5 19.Be2 Qh4+ 20.Qf2 Qxf2+ 21.Kxf2 fxe4
22.f4 Ra3 23.Rhc1 g5 24.Ra1 Rb3 25.g3 Nd3+ 26.Bxd3 exd3 27.Ke3 Bf5 28.Ra2 Re8+
29.Kd4 Rxb4 30.g4 Bxg4 31.Kxd3 Bf5+ 32.Kd4 b5 33.Nxb5 Re4+ 34.Kc3 Rexc4+
35.Kd2 Rxc1 {#R} 0-1

[Event "Deltalift Open 2017"]
[Site "Tylosand SWE"]
[Date "2017.05.27"]
[Round "7.4"]
[White "Akesson,R"]
[Black "Haugli,P"]
[Result "1-0"]
[WhiteElo "2460"]
[BlackElo "2257"]

1.d4 Nf6 2.c4 g6 3.Nc3 Bg7 4.e4 d6 5.f3 O-O 6.Be3 Nc6 7.Nge2 a6 8.Qd2 Rb8
9.Rc1 Nd7 10.g4 Na5 11.Nd5 c6 12.Nxe7+ Qxe7 13.Qxa5 f5 14.gxf5 gxf5 15.Rg1
fxe4 16.fxe4 c5 17.Qd2 cxd4 18.Nxd4 Nc5 19.Qg2 Rf7 20.Kd2 Qxe4 21.Qxe4 Nxe4+
22.Kc2 Bd7 23.Bh6 Kh8 24.Bxg7+ Rxg7 25.Rxg7 Kxg7 26.Bg2 Nf6 27.Rd1 Kf7 28.Rd3
b6 29.Kb3 b5 30.cxb5 Bxb5 31.Nxb5 Rxb5+ 32.Kc2 d5 33.Bf1 Ra5 34.a3 Rc5+ 35.Rc3
Rxc3+ 36.Kxc3 a5 37.Kb3 Ng4 38.h3 Ne3 39.Be2 Ke6 40.Ka4 Ke5 41.Kxa5 Ke4 42.a4
d4 43.b4 d3 44.Bh5 Nc4+ 45.Kb5 Ne5 46.Bd1 {#r} 1-0

[Event "TCh-FRA Top 12 2017"]
[Site "Chartres FRA"]
[Date "2017.05.24"]
[Round "7.5"]
[White "Coursaget,N"]
[Black "Milov,V"]
[Result "0-1"]
[WhiteElo "2311"]
[BlackElo "2604"]

1.d4 Nf6 2.c4 g6 3.f3 Bg7 4.e4 O-O 5.Nc3 d6 6.Be3 e5 7.d5 c6 8.Qd2 cxd5 9.cxd5
Nbd7 10.O-O-O a6 11.Kb1 b5 12.g4 Nc5 13.Rc1 Rb8 14.Nge2 b4 15.Nd1 b3 16.a3
Bxg4 17.fxg4 Nfxe4 {#R} 0-1